Statistics for 根室本線(富良野以西)の駅

Click here to take the quiz!

General Stats

  • This quiz has been taken 9 times
  • The average score is 8 of 11

Answer Stats

現在駅名% Correct
現役滝川
100%
現役東滝川
100%
現役赤平
100%
現役芦別
100%
現役茂尻
89%
現役富良野
89%
現役平岸
78%
現役野花南
78%
現役上芦別
67%
信号場島ノ下
33%
廃止滝里
0%

Score Distribution

Percentile by Number Answered

Percent of People with Each Score

Your Score History

You have not taken this quiz